000
00501nam a2200133Ia 4500
008
100328s9999 xx 000 0 und d
082
_b
35107
100
_a
देशपांडे वा.ज्यो.
245
_a
महाराष्ट्र दर्शन - भा. 1
260
_b
अतुल बुक एजन्सीज
630
_a
महाराष्ट्र दर्शन - भा. 1
730
_a
महाराष्ट्र दर्शन - भा. 1
942
_c
BOOK
999
_c
525102
_d
525099